|
|
|
|
| LEADER |
01214nam a2200241 a 4500 |
| 008 |
880823s1988 enk b 000 0 eng |
| 010 |
|
|
|a 88176604
|
| 020 |
|
|
|a 0413402908
|
| 043 |
|
|
|a e-ie---
|
| 082 |
0 |
0 |
|a 822/.9120809415
|2 20
|
| 245 |
0 |
0 |
|a Landmarks of Irish drama /
|c with an introduction by Brendan Kennelly.
|
| 260 |
|
|
|a London :
|b Methuen London,
|c 1988.
|
| 300 |
|
|
|a xlvi, 538 p. ;
|c 20 cm.
|
| 490 |
0 |
|
|a A Methuen paperback
|
| 504 |
|
|
|a Includes bibliographical references.
|
| 505 |
0 |
|
|a John Bull's other island / Bernard Shaw -- The playboy of the Western world / J.M. Synge -- On Baile's Strand / W.B. Yeats -- The silver tassie / Sean O'Casey -- The old lady says "no!" / Denis Johnston -- All that fall / Samuel Beckett -- The quare fellow / Brendan Behan.
|
| 650 |
|
0 |
|a English drama
|x Irish authors.
|
| 651 |
|
0 |
|a Ireland
|x Drama.
|
| 906 |
|
|
|a 7
|b cbc
|c orignew
|d 3
|e ncip
|f 19
|g y-gencatlg
|
| 942 |
|
|
|c BK
|
| 955 |
|
|
|a rb07; rc09; ep38 02-05-90; arr 90/1608; lh06 10-28-92 (PR8865.L...); lk01 04-28-92;lf27 05-18-93; aa00 06-01-93
|
| 999 |
|
|
|c 199997
|d 199997
|
| 952 |
|
|
|0 0
|1 0
|4 0
|6 822_912000000000000_KEN_L
|7 0
|9 221354
|a ENG
|b ENG
|c REF
|d 2017-05-19
|i 13796
|l 0
|o 822.912 KEN/L
|p ENG13796
|r 2017-05-19
|w 2018-08-21
|y REF
|